Steal A Brainrot All Base Skins - Statistics

General Stats
  • This quiz has been taken 40 times
    11 since last reset
  • The average score is 16 of 25
Answer Stats
Obtainment Answer % Correct
Limited Mutation Index Candy
83%
Limited Mutation Index Cursed
83%
Limited Mutation Index Divine
83%
Event Index Easter
83%
Event Index Halloween
83%
Brainrot Headless Horseman
83%
Brainrot Meowl
83%
Limited Mutation Index Radioactive
83%
Brainrot Skibidi
83%
Brainrot Strawberry
83%
Event Index Christmas
67%
Mutation Index Diamond
67%
Shop Gingerbread
67%
Mutation Index Gold
67%
Mutation Index Rainbow
67%
Limited Mutation Index Yin Yang
67%
Event Index Aquatic
50%
Limited Mutation Index Galaxy
50%
Limited Mutation Index Lava
50%
Event Index Lucky
50%
Event Index Valentines
50%
Shop Pot Of Gold
33%
Shop Rose
33%
Event Index Taco
33%
Shop Bunny Basket
0%
No matching quizzes found
Score Distribution
Percent of People with Each Score
Percentile by Number Answered
Your Score History
You have not taken this quiz since the last reset